00976nam a2200277 a 450000100100000000500170001000800410002704000250006804100380009308200250013110000200015624000430017624501120021925000240033126000330035530000260038850000340041453400530044860000310050165000400053265000310057270000240060370000200062770000260064770000250067300002556520250612105738.0110216s1964 sp r 000 | spa d aDO-SdBNPbspacBNPHU aspaheng2Código de idioma MARC a923.143bH675B, 19641 aBullock, Alan , 0aHitler: a study in tyranny.lEspañol10aHitler :bestudio de una tirania /cAlan Bullock ; version al español por Emma Ladd de Saro ... [et al.]. a3a ed. corr. y aum. aBarcelona :bGandesa,c1964. a2 v. :bil. ;c22 cm. aLa biblioteca posee el tomo 1 aTítulo original :tHitler: a study in tyranny. 4aHITLER, ADOLFO,d1889-1945 4aEstadístas alemanesxBiografías 0a Guerra Mundial, 1939-19451 aLadd de Saro, Emma,1 aLuelmo , Julio,1 aLázaro Ros, Amando,1 aVergara , Andrés ,